| 000 -LEADER |
| fixed length control field |
00663nam a22002177a 4500 |
| 008 - FIXED-LENGTH DATA ELEMENTS--GENERAL INFORMATION |
| fixed length control field |
150709b xxu||||| |||| 00| 0 alb d |
| 041 0# - LANGUAGE CODE |
| Language code of text/sound track or separate title |
alb |
| 080 ## - UNIVERSAL DECIMAL CLASSIFICATION NUMBER |
| Universal Decimal Classification number |
658 :005.32 |
| -- |
005.32 :331.101.3 |
| Common auxiliary subdivision |
(075.8) |
| 100 ## - Rafti |
| Rafti |
Çela, Hysen ; |
| 245 ## - TITLE STATEMENT |
| Title |
Etika e biznesit : |
| Statement of responsibility, etc |
Hysen Çela. |
| 260 ## - |
| -- |
Tiranë : |
| -- |
Albpaper, |
| -- |
2013. |
| 300 ## - |
| -- |
478 f. ; |
| -- |
23 cm. |
| 500 ## - |
| -- |
Parathënie : f.11-13 |
| 505 ## - |
| -- |
Bibliografia.: f.475-477. |
| 650 #0 - |
| -- |
Biznesi |
| 650 #0 - |
| -- |
Sjellja Organizative |
| 650 #0 - |
| -- |
Suksesi |
| 650 #0 - |
| -- |
Etika profesionale |
| 650 #0 - |
| -- |
Tekste për shkollat e larta |
| 942 ## - ADDED ENTRY ELEMENTS (KOHA) |
| Source of classification or shelving scheme |
|
| Item type |
Books |